LEADER 00955nam a2200253 i 4500 001 000000249919 003 CaOOAMICUS 005 20160705000000.0 008 160705s1964 it u000 u ita u 013 $a228824 040 $aSeMil$bita 100 1 $aArias, Paolo Enrico.$0(OLS)http://semarc/name/29658 245 10$aPolicleto /$cPaolo Enrico Arias. 260 $aMilano :$bClub del Libro,$c1964. 300 $a159 p. :$btav. ;$c24 cm . 490 0 $aCollana d'arte del Club del Libro ;$v7. 500 $aIn custodia. 650 4$aPolicleto.$0(OLS)http://semarc/subject/42915 830 0$aCollana d'arte del Club del Libro ;$v7.$0(OLS)http://semarc/title/19950 850 $aSeMil 852 $aSeMil$W1$xVenegono$y1$m5I VI 158$j200265$B200265$CSeMilBibl$Z2$F213352 $81 961 $aOmaggio: Sagramoso Guido 996 $6245$aPolicleto$9(OLS)http://semarc/title/352107 996 $6260$aMilano :$bClub del Libro$9(OLS)http://semarc/publisher/34066 LEADER 00556nam a2200169 i 4500 001 000000199926 003 CaOOAMICUS 005 20110330000000.0 008 110330n it u000 u fre u 013 $a178624 040 $aSeMil$bita 245 10$aTome second. 300 $a424 p. 773 0 $aWelschinger, Henri$tGuerre de 1870.$bdeuxième édition.$dParis : Plon-Nourrit, 1910.$w()24654 850 $aSeMil 852 $aSeMil$W1$xVenegono$y1$m3U V 527/2$j258423$B150460$CSeMilBibl$Z2$F161815 $81 996 $6245$aTome second$9(OLS)http://semarc/title/137745